Countries Containing N - Statistics

General Stats
  • This quiz has been taken 9,777 times
    2,680 since last reset
  • The average score is 98 of 121
Answer Stats
country % Correct
United Kingdom
95%
United States
94%
Afghanistan
93%
Finland
93%
India
93%
Argentina
92%
Norway
92%
Andorra
91%
Canada
91%
Indonesia
91%
Japan
91%
Kazakhstan
91%
Netherlands
91%
New Zealand
91%
Niger
91%
Nigeria
91%
France
90%
Iceland
90%
Pakistan
90%
Azerbaijan
89%
Ireland
89%
Kyrgyzstan
89%
Oman
89%
Spain
89%
Sweden
89%
Tajikistan
89%
Turkmenistan
89%
Albania
88%
Armenia
88%
China
88%
Germany
88%
Guinea
88%
North Korea
88%
North Macedonia
88%
Vatican City
88%
Venezuela
88%
Yemen
88%
Angola
87%
Antigua and Barbuda
87%
Denmark
87%
Dominican Republic
87%
Iran
87%
Namibia
87%
Nicaragua
87%
Panama
87%
Poland
87%
United Arab Emirates
87%
Uzbekistan
87%
Dem Rep Congo
86%
Estonia
86%
San Marino
86%
St Vincent and the Grenadines
86%
Bhutan
85%
Dominica
85%
Guinea-Bissau
85%
Honduras
85%
Romania
85%
Benin
84%
Bosnia and Herzegovina
84%
Kenya
84%
Sudan
84%
Vietnam
84%
Bahrain
83%
Congo
83%
Hungary
83%
Jordan
83%
Lebanon
83%
Liechtenstein
83%
Lithuania
83%
Monaco
83%
Nepal
83%
South Sudan
83%
St Kitts and Nevis
83%
Switzerland
83%
Brunei
82%
Mongolia
82%
Slovenia
82%
Thailand
82%
Ukraine
82%
Bangladesh
81%
Ghana
81%
Nauru
81%
Suriname
81%
Trinidad and Tobago
81%
Burundi
80%
Equatorial Guinea
80%
Grenada
80%
Montenegro
80%
Papua New Guinea
80%
Solomon Islands
80%
Tanzania
80%
Gabon
79%
Rwanda
79%
Senegal
79%
Central African Republic
78%
Guyana
78%
Uganda
78%
Vanuatu
78%
Cameroon
77%
Singapore
77%
Taiwan
77%
Tonga
77%
Tunisia
77%
Botswana
76%
Marshall Islands
76%
Mauritania
76%
St Lucia
76%
Burkina Faso
75%
Myanmar
75%
Philippines
75%
Eswatini
73%
Micronesia
73%
Sri Lanka
72%
Sierra Leone
71%
São Tomé and Príncipe
69%
Macedonia
53%
Palestine
35%
Faroe Islands
14%
Greenland
14%
Cook Islands
11%
Niue
10%
No matching quizzes found
Score Distribution
Percent of People with Each Score
Percentile by Number Answered
Your Score History
You have not taken this quiz since the last reset